| 000 | 01717nam a2200505 i 4500 | ||
|---|---|---|---|
| 001 | 5513 | ||
| 003 | KOSZ 005 | ||
| 005 | 20190726121549.0 | ||
| 008 | 970510s1993 pl a f |001 0 pol | ||
| 015 | _aPB 1993/2976 | ||
| 020 | _a8320415187 | ||
| 035 | _a991000891189705066 | ||
| 035 | _a(PL-WaBN)b10275691-48omnis_nlop | ||
| 035 | _ab10275691 | ||
| 035 | _a(OCoLC)749741119 | ||
| 035 | _a(PL)b0000001027569 | ||
| 035 | _a(EXLNZ-48OMNIS_NETWORK)9910499864605606 | ||
| 040 |
_aWA N _cWA N _dKOSZ 005/EG |
||
| 041 | _apol | ||
| 046 | _k1993 | ||
| 080 | _a681.5 | ||
| 080 | _a621.3.049.77 | ||
| 245 | 1 | 0 |
_aŁatwo testowalne układy i pakiety cyfrowe : _bprojektowanie i testowanie : praca zbiorowa / _cpod red. Andrzeja Hławiczki ; [aut. Dariusz Badura et al.]. |
| 260 |
_aWarszawa : _bWydawnictwa Naukowo-Techniczne, _c1993. |
||
| 300 |
_a236 s. : _brys., wykr. ; _c24 cm. |
||
| 336 |
_2rdacontent _aTekst _btxt |
||
| 337 |
_2rdamedia _aBez urządzenia posredniczącego _bn |
||
| 338 |
_2rdacarrier _aWolumin _bnc |
||
| 380 | _aKsiążki | ||
| 380 | _aPublikacje naukowe | ||
| 388 | _a1901-2000 | ||
| 388 | _a1989-2000 | ||
| 504 | _aBibliogr. przy rozdz. - Indeks. | ||
| 650 | 7 |
_aDiagnostyka techniczna _2DBN |
|
| 650 | 7 |
_aUkład scalony _2DBN |
|
| 650 | 7 |
_aUkład cyfrowy _2DBN |
|
| 650 | 7 | _aProjektowanie | |
| 658 | _aInżynieria i technika | ||
| 700 | 1 |
_aBadura, Dariusz. _eAutor |
|
| 700 | 1 |
_aHławiczka, Andrzej. _eRedakcja |
|
| 710 | 2 |
_aWydawnictwa Naukowo-Techniczne _4pbl |
|
| 856 |
_uhttp://koha.tu.koszalin.pl/cgi-bin/koha/opac-detail.pl?biblionumber=5513 _yKatalog online BPK |
||
| 942 |
_2UKD _cKS |
||
| 999 |
_c5513 _d5513 |
||